000 00512nam a2200217Ia 4500
003 OSt
005 20230323143917.0
008 210210b2002 xxu||||| |||| 00| 0 eng d
020 _a81 85099 17 0
040 _cAL
041 _aEnglish
082 _a302 KUPI
100 _aKUPPUSWAMY (B).
_977040
245 _aIntroduction to social psychology
250 _a2
260 _aBombay.
_bMPP Pvt Ltd.,
_c2002
300 _a560
690 _aSocial Psychology
_977041
906 _a057661
942 _2ddc
_cBK
999 _c105217
_d105217